000 00304nam a2200133Ia 4500
005 20260328104335.0
008 260328s9999||||xx |||||||||||||| ||und||
100 _aBardet, Gaston
245 0 _aEl Urbanismo /
_cGaston Bardet
260 _bEUDEBA
300 _a78 p.
650 _aURBANISMO
942 _cBK
999 _c11868
_d11868